|
|
|
|
| LEADER |
00000cam a2200000 7i4500 |
| 001 |
0000007582 |
| 005 |
20220628.0 |
| 020 |
|
|
|a 0333912969 (hardcover)
|
| 040 |
|
|
|a INS
|
| 090 |
0 |
0 |
|a HD596
|b H374 2000
|
| 100 |
1 |
|
|a Harvey, Jack
|
| 245 |
1 |
0 |
|a Urban land economics
|c Jack Harvey
|
| 250 |
|
|
|a Fifth edition
|
| 260 |
|
|
|a Hampshire :
|b MacMillan Press ,
|c 2000
|
| 300 |
|
|
|a xv, 436p. :
|b ill. ;
|c 24cm.
|
| 500 |
|
|
|a Includes index
|
| 650 |
|
0 |
|a Land use
|x Urban
|y Graet Britain
|
| 650 |
|
0 |
|a Real estate development
|x Great Britain
|
| 650 |
|
0 |
|a Real property
|x Great Britain
|
| 999 |
|
|
|a 0000007811
|b BOOK
|c Open Shelf
|e Default branch
|